| 000 | 00761nam a22002177a 4500 | ||
|---|---|---|---|
| 999 |
_c8871 _d8871 |
||
| 003 | AR-CdUCM | ||
| 008 | 190326b ||||| |||| 00| 0 spa d | ||
| 040 |
_aMUNICIPALIDAD PROVINCIAL DEL CUSCO _cBIBLIOTECA MUNICIPAL DEL CUSCO |
||
| 082 |
_a711.56 / _bP42 |
||
| 100 |
_aPeralta Tamayo, Ronald _924675 |
||
| 245 | _aLa idea de la plaza / | ||
| 260 |
_aCusco : _bMunicipalidad del Qosqo, _c1993. |
||
| 300 |
_a60 paginas ; _c16 cm. |
||
| 505 | _aContenido :Perspectiva histórica sobre la plaza de la ciudad --El Huacaypata y la plaza de armas --La semiotoca :Significado de la plaza / | ||
| 650 |
_aUrbanismo _94748 |
||
| 650 |
_aPlaza _924676 |
||
| 650 |
_aCusco _9772 |
||
| 700 |
_aRoberto Samanez Argumedo _924677 |
||
| 942 |
_2ddc _cLIBROS |
||
| 945 | _arjall | ||